000 00386nam a2200169Ia 4500
008 230711s9999||||xx |||||||||||||| ||und||
020 _a978-0-74340-939-1
041 _aENG
082 _a800
_bAN-U
100 _aRobbins,Anthony
245 0 _aUnlimited power
250 _a1st Ed.
260 _c1997
_aNew Delhi
_bPocket Books
300 _a425
650 _aLiterature
942 _cBK
999 _c5315
_d5315